00878cam a2200265 450000100060000000300080000600500170001400800410003103500190007204000320009104100080012308200230013110000360015424500440019026000540023430000200028835000100030850400280031865000340034665000430038070000290042394200120045299900170046495201310048114123BD-RjUL20211208235557.0140205r19781976nyu b 000 0 eng d a(BD-RjUL)14175 aDLCcDLCdDLCdBD-RjULbeng aeng00a617.008 bLEN 19781 a LeFrock, Jack L.d1934-94411600aNosocomial infectionscJack L. LeFrock, aNew York :bUpjohn Company,c1976[reprinted 1978] a51 p. :c23 cm. a$3.25 aBibliography: p. 48-54. 0aNosocomial infections.944120 0aHospital buildingsxSanitation.944121 aKlainer,Albert S.944122 2ddccBK c14123d14123 00102ddc40718NFICaRUCLbRUCLcReadingd1991-04-07eCanadal0o617.008 LEN 1978r2014-02-05 00:00:00tC-1w2014-02-05yBK